LEADER 01389nam a2200313 a 4500 001 000000122347 003 CaOOAMICUS 005 20140909110234.0 008 100623s1999 it u000 u ita r 020 $a88-15-06886-4 040 $aPUL$bita$dReb 041 1 $aita$hfre 082 04$a909 100 1 $aBraudel, Fernand,$d1902-1985.$0(OLS)http://pul/name/31374 240 10$aExpansion européenne et capitalisme : (1450-1650)$lItaliano.$0(OLS)http://pul/title/154056 245 10$aEspansione europea e capitalismo :$b1450-1650 /$cFernand Braudel. 260 $aBologna :$bIl Mulino,$c©1999. 300 $a88 p. ;$c21 cm. 490 1 $aUniversale paperbacks Il Mulino ;$v350 650 4$aCapitalismo$zEuropa$y1450-1650.$0(OLS)http://pul/subject/37020 650 4$aEconomia$zEuropa$y1450-1650$xStoria.$0(OLS)http://pul/subject/37019 830 0$aUniversale paperbacks Il Mulino ;$v350.$0(OLS)http://pul/title/190 850 $aPUL 852 $aPUL$W1$xDP2 Filosofia 3$y112$m909 COLL 2.350$j140474$qDDC 21$B139604$CPULBib$Z2$F139604 $H114214 $82 941 1 $a9 996 $6020$a88-15-06886-4$9(OLS)http://pul/number/144703 996 $6082$a909$9(OLS)http://pul/classification/566 996 $6245$aEspansione europea e capitalismo :$b1450-1650$9(OLS)http://pul/title/154055 996 $6260$aBologna :$bIl Mulino$9(OLS)http://pul/publisher/47928 LEADER 01515nam a2200361 a 4500 001 000000171580 003 CaOOAMICUS 005 20190315114856.0 008 190313m20199999it u000 u ita r 020 $a978-88-16-41232-2* (t. 2) 032 $aLibriCat 040 $aPUL$bita 082 04$a195 100 1 $aSini, Carlo,$d1933-.$0(OLS)http://pul/name/35208 245 10$aSemiotica ed ermeneutica /$cCarlo Sini. 260 $aMilano :$bJaca Book,$c©2019. 300 $av. <2- >;$c23 cm 490 1 $aOpere di Carlo Sini ;$v01/2 504 $aInclude riferimenti bibliografici. 505 1 $aT.2 -- Il gioco della verità. 650 4$aFilosofia$xStudi.$0(OLS)http://pul/subject/37214 740 32$aIl gioco della verità. 800 1 $aSini, Carlo,$d1933-.$tOpere ;$v01/2.$0(OLS)http://pul/nameTitle/1671$0(OLS)http://pul/name/35208$0(OLS)http://pul/title/5258 830 0$aOpere di Carlo Sini.$0(OLS)http://pul/title/212387 850 $aPUL 852 $aPUL$W1$xSL Filosofia 3$y81$m195 SINCA 1.1.2$j195361$qDDC 21$B200234$CPULBib$Z2$F200234 $H132455 $82 941 1 $a9 996 $6020$a978-88-16-41232-2* (t. 2)$9(OLS)http://pul/number/165813 996 $6082$a195$9(OLS)http://pul/classification/342 996 $6245$aSemiotica ed ermeneutica$9(OLS)http://pul/title/212386 996 $6740$aIl gioco della verità$9(OLS)http://pul/title/212385 996 $6260$aMilano :$bJaca Book$9(OLS)http://pul/publisher/47900